Catálogo
 En Linea

Au temps des isles á sucre. (Registro nro. 33666)

Detalles MARC
000 -CABECERA
campo de control de longitud fija 00264nam a2200109 a 4500
005 - FECHA Y HORA DE LA ÚLTIMA TRANSACCIÓN
campo de control 20200930070835.0
008 - DATOS DE LONGITUD FIJA--INFORMACIÓN GENERAL
campo de control de longitud fija 110926s1987 000 spa d
020 ## - NÚMERO INTERNACIONAL ESTÁNDAR DEL LIBRO
Número Internacional Estándar del Libro 2865371865
040 ## - FUENTE DE LA CATALOGACIÓN
Centro catalogador/agencia de origen DO-SdBNP
245 #0 - MENCIÓN DE TÍTULO
Título Au temps des isles á sucre.
260 ## - PUBLICACIÓN, DISTRIBUCIÓN, ETC.
Lugar de publicación, distribución, etc. Paris,
Fecha de publicación, distribución, etc. 1987.

No hay ítems disponibles.

Con tecnología Koha